[Event "Lira Vendrellenca Vs Mollet"]
[Site "Vendrell"]
[Date "2023.03.11"]
[Round "8.1"]
[White "Almeida Quintana, Omar"]
[Black "Garriga Cazorla, Pere"]
[Result "1/2-1/2"]
[TimeControl "90'+30\""]
[WhiteTitle "GM"]
[BlackTitle "IM"]
[WhiteFideId "3503313"]
[BlackFideId "32011601"]
[WhiteElo "2531"]
[BlackElo "2490"]

1. d4 {[%clk 01:28:32]} {[%emt 00:02:27]} Nf6 {[%clk 01:30:48]} {[%emt
00:00:12]} 2. Nf3 {[%clk 01:28:20]} {[%emt 00:00:42]} g6 {[%clk 01:31:13]}
{[%emt 00:00:05]} 3. c4 {[%clk 01:28:36]} {[%emt 00:00:15]} Bg7 {[%clk
01:31:38]} {[%emt 00:00:05]} 4. Nc3 {[%clk 01:29:04]} {[%emt 00:00:02]} d5
{[%clk 01:32:01]} {[%emt 00:00:07]} 5. cxd5 {[%clk 01:27:07]} {[%emt 00:02:27]}
Nxd5 {[%clk 01:32:24]} {[%emt 00:00:07]} 6. Bd2 {[%clk 01:26:15]} {[%emt
00:01:22]} O-O {[%clk 01:31:54]} {[%emt 00:00:59]} 7. e4 {[%clk 01:26:39]}
{[%emt 00:00:07]} Nb6 {[%clk 01:32:22]} {[%emt 00:00:03]} 8. Be3 {[%clk
01:26:48]} {[%emt 00:00:21]} Bg4 {[%clk 01:30:06]} {[%emt 00:02:46]} 9. a4
{[%clk 01:19:44]} {[%emt 00:07:34]} a5 {[%clk 01:15:43]} {[%emt 00:14:52]} 10.
Rc1 {[%clk 01:10:13]} {[%emt 00:10:01]} Na6 {[%clk 01:07:33]} {[%emt 00:08:39]}
11. b3 {[%clk 01:03:23]} {[%emt 00:07:22]} Nb4 {[%clk 00:59:39]} {[%emt
00:08:24]} 12. Be2 {[%clk 01:03:16]} {[%emt 00:00:37]} f5 {[%clk 00:45:11]}
{[%emt 00:14:59]} 13. Ng5 {[%clk 00:56:53]} {[%emt 00:06:52]} Bxe2 {[%clk
00:45:36]} {[%emt 00:00:05]} 14. Nxe2 {[%clk 00:54:44]} {[%emt 00:02:38]} fxe4
{[%clk 00:46:01]} {[%emt 00:00:06]} 15. Nxe4 {[%clk 00:53:38]} {[%emt
00:01:36]} N6d5 {[%clk 00:44:31]} {[%emt 00:02:00]} 16. O-O {[%clk 00:51:27]}
{[%emt 00:02:40]} Nxe3 {[%clk 00:38:29]} {[%emt 00:06:32]} 17. fxe3 {[%clk
00:51:50]} {[%emt 00:00:07]} Rxf1+ {[%clk 00:38:07]} {[%emt 00:00:53]} 18. Qxf1
{[%clk 00:50:04]} {[%emt 00:02:16]} Qd5 {[%clk 00:38:32]} {[%emt 00:00:05]} 19.
Nc5 {[%clk 00:28:43]} {[%emt 00:21:51]} Bh6 {[%clk 00:31:24]} {[%emt 00:07:39]}
20. Nc3 {[%clk 00:20:45]} {[%emt 00:08:26]} Bxe3+ {[%clk 00:24:29]} {[%emt
00:07:26]} 21. Kh1 {[%clk 00:21:15]} Qxd4 {[%clk 00:24:50]} {[%emt 00:00:09]}
22. Nb5 {[%clk 00:21:37]} {[%emt 00:00:07]} Qf4 {[%clk 00:25:13]} {[%emt
00:00:07]} 23. Qxf4 {[%clk 00:20:06]} {[%emt 00:02:01]} Bxf4 {[%clk 00:25:27]}
{[%emt 00:00:16]} 24. Rf1 {[%clk 00:18:39]} {[%emt 00:01:57]} Nd5 {[%clk
00:20:11]} {[%emt 00:05:46]} 25. Nxb7 {[%clk 00:14:11]} {[%emt 00:04:58]} Bd6
{[%clk 00:18:01]} {[%emt 00:02:40]} 26. Rd1 {[%clk 00:12:48]} {[%emt 00:01:53]}
Nb4 {[%clk 00:17:58]} {[%emt 00:00:33]} 27. g3 {[%clk 00:12:37]} {[%emt
00:00:41]} Kg7 {[%clk 00:17:16]} {[%emt 00:01:11]} 28. Rc1 {[%clk 00:11:19]}
{[%emt 00:01:48]} Nd5 {[%clk 00:16:58]} {[%emt 00:00:48]} 29. Rd1 {[%clk
00:11:28]} {[%emt 00:00:21]} Nf6 {[%clk 00:16:25]} {[%emt 00:01:03]} 30. Rc1
{[%clk 00:11:23]} {[%emt 00:00:35]} Ne8 {[%clk 00:16:31]} {[%emt 00:00:24]} 31.
Kg2 {[%clk 00:10:55]} {[%emt 00:00:58]} Kf6 {[%clk 00:15:13]} {[%emt 00:01:47]}
32. Kf3 {[%clk 00:09:50]} {[%emt 00:01:35]} Kf7 {[%clk 00:13:16]} {[%emt
00:02:27]} 33. Nd4 {[%clk 00:07:59]} {[%emt 00:02:21]} e5 {[%clk 00:11:00]}
{[%emt 00:02:46]} 34. Nc6 {[%clk 00:08:12]} {[%emt 00:00:17]} Nf6 {[%clk
00:11:23]} {[%emt 00:00:07]} 35. Ncxa5 {[%clk 00:07:37]} {[%emt 00:01:05]} Ke6
{[%clk 00:11:08]} {[%emt 00:00:45]} 36. Nc6 {[%clk 00:05:32]} {[%emt 00:02:35]}
Kd5 {[%clk 00:10:01]} {[%emt 00:01:37]} 37. a5 {[%clk 00:03:39]} {[%emt
00:02:23]} Ba3 {[%clk 00:09:14]} {[%emt 00:01:16]} 38. Rc2 {[%clk 00:02:53]}
{[%emt 00:01:16]} Ra6 {[%clk 00:07:45]} {[%emt 00:02:00]} 39. Nb8 {[%clk
00:02:42]} {[%emt 00:00:40]} Ra7 {[%clk 00:07:13]} {[%emt 00:01:02]} 40. Rd2+
{[%clk 00:01:46]} {[%emt 00:01:26]} Ke6 {[%clk 00:07:15]} {[%emt 00:00:27]} 41.
a6 {[%emt 00:00:50]} Bb4 {[%clk 00:07:18]} {[%emt 00:00:26]} 42. Rc2 {[%clk
00:01:26]} {[%emt 00:00:30]} e4+ {[%clk 00:06:48]} {[%emt 00:01:00]} 43. Ke2
{[%clk 00:01:50]} {[%emt 00:00:07]} Nd5 {[%clk 00:06:52]} {[%emt 00:00:25]} 44.
Rc4 {[%clk 00:01:57]} {[%emt 00:00:23]} Ra8 {[%clk 00:06:20]} {[%emt 00:01:02]}
45. Rxe4+ {[%clk 00:01:34]} {[%emt 00:00:53]} Kf5 {[%clk 00:06:49]} 46. Rd4
{[%clk 00:01:50]} {[%emt 00:00:14]} Nc3+ {[%clk 00:07:14]} {[%emt 00:00:05]} 47.
Kd3 {[%clk 00:02:11]} {[%emt 00:00:09]} c5 {[%clk 00:07:41]} {[%emt 00:00:03]}
48. Rf4+ {[%clk 00:02:26]} {[%emt 00:00:15]} Kg5 {[%clk 00:07:30]} {[%emt
00:00:42]} 49. h4+ {[%clk 00:01:26]} {[%emt 00:01:30]} Kh6 {[%clk 00:07:59]}
{[%emt 00:00:01]} 50. Nc6 {[%clk 00:01:20]} {[%emt 00:00:35]} Nd5 {[%clk
00:07:30]} {[%emt 00:00:58]} 51. Rf7 {[%clk 00:01:11]} {[%emt 00:00:39]} Rxa6
{[%clk 00:07:57]} {[%emt 00:00:03]} 52. Ne5 {[%clk 00:01:33]} {[%emt 00:00:08]}
g5 {[%clk 00:08:10]} {[%emt 00:00:17]} 53. hxg5+ {[%clk 00:01:20]} {[%emt
00:00:43]} Kxg5 {[%clk 00:08:35]} {[%emt 00:00:04]} 54. Rxh7 {[%clk 00:01:22]}
{[%emt 00:00:29]} Ra3 {[%clk 00:09:05]} 55. Nd6 {[%clk 00:01:14]} {[%emt
00:00:38]} c4+ {[%clk 00:08:07]} {[%emt 00:01:28]} 56. Ndxc4 {[%clk 00:01:21]}
{[%emt 00:00:23]} Rxb3+ {[%clk 00:08:22]} {[%emt 00:00:15]} 57. Kd4 {[%clk
00:01:42]} {[%emt 00:00:09]} Nf6 {[%clk 00:08:35]} {[%emt 00:00:17]} 58. Rg7+
{[%clk 00:01:40]} {[%emt 00:00:32]} Kf5 {[%clk 00:09:04]} {[%emt 00:00:02]} 59.
g4+ {[%clk 00:01:02]} {[%emt 00:01:08]} Kxe5+ {[%emt 00:00:22]} 60. Ke4+
1/2-1/2

[Event "Lira Vendrellenca Vs Mollet"]
[Site "Vendrell"]
[Date "2023.03.11"]
[Round "8.2"]
[White "Rios, Cristhian Camilo"]
[Black "Plat, Vojtech"]
[Result "1/2-1/2"]
[TimeControl "90'+30\""]
[WhiteTitle "GM"]
[BlackTitle "GM"]
[WhiteFideId "4403940"]
[BlackFideId "325740"]
[WhiteElo "2470"]
[BlackElo "2517"]

1. c4 {[%clk 01:30:47]} {[%emt 00:00:11]} d6 {[%clk 01:30:49]} {[%emt
00:00:12]} 2. d4 {[%clk 01:30:54]} {[%emt 00:00:23]} e5 {[%clk 01:31:15]}
{[%emt 00:00:05]} 3. Nf3 {[%clk 01:30:59]} {[%emt 00:00:24]} exd4 {[%clk
01:31:40]} {[%emt 00:00:06]} 4. Nxd4 {[%clk 01:31:09]} {[%emt 00:00:20]} g6
{[%clk 01:32:04]} {[%emt 00:00:07]} 5. g3 {[%clk 01:30:13]} {[%emt 00:01:25]}
Bg7 {[%clk 01:32:29]} {[%emt 00:00:05]} 6. Bg2 {[%clk 01:30:38]} {[%emt
00:00:06]} Ne7 {[%clk 01:32:54]} {[%emt 00:00:05]} 7. Nc3 {[%clk 01:29:46]}
{[%emt 00:01:22]} O-O {[%clk 01:33:09]} {[%emt 00:00:15]} 8. O-O {[%clk
01:29:39]} {[%emt 00:00:36]} Nbc6 {[%clk 01:33:35]} {[%emt 00:00:05]} 9. Nc2
{[%clk 01:30:00]} {[%emt 00:00:10]} Ne5 {[%clk 01:32:48]} {[%emt 00:01:17]} 10.
Ne3 {[%clk 01:23:18]} {[%emt 00:07:11]} Nf5 {[%clk 01:31:39]} {[%emt 00:01:40]}
11. Nxf5 {[%clk 01:16:01]} {[%emt 00:07:46]} Bxf5 {[%clk 01:32:03]} {[%emt
00:00:07]} 12. Qb3 {[%clk 01:16:23]} {[%emt 00:00:08]} Be6 {[%clk 01:32:00]}
{[%emt 00:00:34]} 13. Bd5 {[%clk 01:15:34]} {[%emt 00:01:19]} Bh3 {[%clk
01:31:41]} {[%emt 00:00:48]} 14. Rd1 {[%clk 01:13:02]} {[%emt 00:03:02]} c6
{[%clk 01:30:39]} {[%emt 00:01:33]} 15. Bh1 {[%clk 01:13:31]} {[%emt 00:00:02]}
Qc7 {[%clk 01:26:43]} {[%emt 00:04:25]} 16. f4 {[%clk 01:09:12]} {[%emt
00:04:49]} Nd7 {[%clk 01:25:56]} {[%emt 00:01:17]} 17. Ne4 {[%clk 01:09:26]}
{[%emt 00:00:16]} Rfe8 {[%clk 01:14:58]} {[%emt 00:11:27]} 18. Be3 {[%clk
01:09:35]} {[%emt 00:00:21]} Nc5 {[%clk 01:13:18]} {[%emt 00:02:11]} 19. Nxc5
{[%clk 01:05:20]} {[%emt 00:04:45]} dxc5 {[%clk 01:13:23]} {[%emt 00:00:25]} 20.
Bf3 {[%clk 01:05:39]} {[%emt 00:00:11]} Qb6 {[%clk 01:10:58]} {[%emt 00:02:55]}
21. Kf2 {[%clk 01:03:01]} {[%emt 00:03:08]} Bxb2 {[%clk 01:02:40]} {[%emt
00:08:48]} 22. Qxb6 {[%clk 01:00:53]} {[%emt 00:02:37]} axb6 {[%clk 01:02:51]}
{[%emt 00:00:19]} 23. Rab1 {[%clk 01:01:16]} {[%emt 00:00:07]} Rxa2 {[%clk
00:57:32]} {[%emt 00:05:50]} 24. Rd2 {[%clk 01:01:25]} {[%emt 00:00:21]} Rxe3
{[%clk 00:47:14]} {[%emt 00:10:48]} 25. Kxe3 {[%clk 00:58:07]} {[%emt
00:03:47]} Ra3+ {[%clk 00:43:42]} {[%emt 00:04:02]} 26. Kf2 {[%clk 00:57:59]}
{[%emt 00:00:39]} Bd4+ {[%clk 00:44:03]} {[%emt 00:00:09]} 27. Rxd4 {[%clk
00:58:23]} {[%emt 00:00:06]} cxd4 {[%clk 00:44:30]} {[%emt 00:00:03]} 28. Rxb6
{[%clk 00:58:40]} {[%emt 00:00:12]} Ra2 {[%clk 00:37:06]} {[%emt 00:07:54]} 29.
Rxb7 {[%clk 00:53:50]} {[%emt 00:05:19]} Be6 {[%clk 00:37:02]} {[%emt
00:00:35]} 30. Ke1 {[%clk 00:43:00]} {[%emt 00:11:19]} Bxc4 {[%clk 00:35:46]}
{[%emt 00:01:48]} 31. Rb4 {[%clk 00:43:12]} {[%emt 00:00:17]} Rc2 {[%clk
00:34:25]} {[%emt 00:01:51]} 32. Kd1 {[%clk 00:42:24]} {[%emt 00:01:18]} Rc3
{[%clk 00:34:14]} {[%emt 00:00:41]} 33. Bxc6 {[%clk 00:42:13]} {[%emt
00:00:41]} Bxe2+ {[%clk 00:30:37]} {[%emt 00:04:07]} 34. Kxe2 {[%clk 00:42:34]}
{[%emt 00:00:09]} Rxc6 {[%clk 00:31:01]} {[%emt 00:00:06]} 35. Rxd4 {[%clk
00:42:52]} {[%emt 00:00:12]} Rc1 {[%clk 00:31:28]} {[%emt 00:00:03]} 36. Rd1
{[%clk 00:42:46]} {[%emt 00:00:35]} Rc2+ {[%emt 00:00:06]} 1/2-1/2

[Event "Lira Vendrellenca Vs Mollet"]
[Site "Vendrell"]
[Date "2023.03.11"]
[Round "8.3"]
[White "Zwardon, Vojtech"]
[Black "Fernandez Diaz, Cristian"]
[Result "1/2-1/2"]
[TimeControl "90'+30\""]
[WhiteTitle "IM"]
[BlackTitle "FM"]
[WhiteFideId "325511"]
[BlackFideId "22256687"]
[WhiteElo "2487"]
[BlackElo "2252"]

1. c4 {[%clk 01:30:53]} {[%emt 00:00:06]} c5 {[%clk 01:30:38]} {[%emt
00:00:21]} 2. g3 {[%clk 01:31:20]} {[%emt 00:00:04]} Nc6 {[%clk 01:30:34]}
{[%emt 00:00:34]} 3. Bg2 {[%clk 01:31:48]} {[%emt 00:00:03]} g6 {[%clk
01:30:53]} {[%emt 00:00:10]} 4. Nc3 {[%clk 01:32:17]} {[%emt 00:00:02]} Bg7
{[%clk 01:31:14]} {[%emt 00:00:09]} 5. a3 {[%clk 01:32:46]} {[%emt 00:00:02]}
d6 {[%clk 01:30:43]} {[%emt 00:00:59]} 6. Rb1 {[%clk 01:33:13]} {[%emt
00:00:03]} e6 {[%clk 01:29:40]} {[%emt 00:01:33]} 7. b4 {[%clk 01:33:39]}
{[%emt 00:00:04]} Nge7 {[%clk 01:29:43]} {[%emt 00:00:27]} 8. e3 {[%clk
01:33:52]} {[%emt 00:00:17]} O-O {[%clk 01:26:41]} {[%emt 00:03:32]} 9. Nge2
{[%clk 01:34:02]} {[%emt 00:00:19]} Rb8 {[%clk 01:21:56]} {[%emt 00:05:16]} 10.
O-O {[%clk 01:33:30]} {[%emt 00:01:02]} b6 {[%clk 01:22:11]} {[%emt 00:00:16]}
11. d3 {[%clk 01:33:54]} {[%emt 00:00:06]} Bb7 {[%clk 01:21:44]} {[%emt
00:00:57]} 12. Bd2 {[%clk 01:34:13]} {[%emt 00:00:10]} Qd7 {[%clk 01:21:24]}
{[%emt 00:00:50]} 13. Qa4 {[%clk 01:34:38]} {[%emt 00:00:06]} Ba8 {[%clk
01:17:00]} {[%emt 00:04:53]} 14. h3 {[%clk 01:24:58]} {[%emt 00:10:10]} Rfd8
{[%clk 01:10:18]} {[%emt 00:07:12]} 15. b5 {[%clk 01:24:37]} {[%emt 00:00:51]}
Na5 {[%clk 01:03:40]} {[%emt 00:07:07]} 16. Ne4 {[%clk 01:24:14]} {[%emt
00:00:52]} f5 {[%clk 00:55:08]} {[%emt 00:09:03]} 17. Ng5 {[%clk 01:24:17]}
{[%emt 00:00:27]} Bxg2 {[%clk 00:55:29]} {[%emt 00:00:10]} 18. Kxg2 {[%clk
01:24:37]} {[%emt 00:00:08]} h6 {[%clk 00:55:51]} {[%emt 00:00:09]} 19. Nf3
{[%clk 01:25:01]} {[%emt 00:00:06]} g5 {[%clk 00:48:14]} {[%emt 00:08:08]} 20.
Bxa5 {[%clk 01:22:51]} {[%emt 00:02:39]} Qb7 {[%clk 00:40:10]} {[%emt
00:08:35]} 21. Bc3 {[%clk 01:21:45]} {[%emt 00:01:36]} g4 {[%clk 00:40:14]}
{[%emt 00:00:25]} 22. hxg4 {[%clk 01:22:11]} {[%emt 00:00:05]} fxg4 {[%clk
00:40:31]} {[%emt 00:00:13]} 23. e4 {[%clk 01:22:37]} {[%emt 00:00:04]} gxf3+
{[%clk 00:40:06]} {[%emt 00:00:55]} 24. Kxf3 {[%clk 01:22:59]} {[%emt
00:00:08]} d5 {[%clk 00:34:00]} {[%emt 00:06:36]} 25. Bxg7 {[%clk 01:21:10]}
{[%emt 00:02:19]} Ng6 {[%clk 00:17:58]} {[%emt 00:16:30]} 26. cxd5 {[%clk
01:10:46]} {[%emt 00:10:56]} Qxg7 {[%clk 00:12:47]} {[%emt 00:05:40]} 27. Rh1
{[%clk 01:07:52]} {[%emt 00:03:24]} exd5 {[%clk 00:11:21]} {[%emt 00:01:56]} 28.
Kg2 {[%clk 01:07:36]} {[%emt 00:00:45]} dxe4 {[%clk 00:09:02]} {[%emt
00:02:49]} 29. dxe4 {[%clk 01:07:10]} {[%emt 00:00:56]} Rd2 {[%clk 00:08:51]}
{[%emt 00:00:41]} 30. Qb3+ {[%clk 01:04:07]} {[%emt 00:03:33]} Kh7 {[%clk
00:09:03]} {[%emt 00:00:19]} 31. Rbe1 {[%clk 01:04:29]} {[%emt 00:00:08]} Rbd8
{[%clk 00:06:52]} {[%emt 00:02:41]} 32. Qc3 {[%clk 01:02:06]} {[%emt 00:02:51]}
Qf8 {[%clk 00:03:03]} {[%emt 00:04:21]} 33. Qf3 {[%clk 00:45:31]} {[%emt
00:17:05]} Qxf3+ {[%clk 00:02:17]} {[%emt 00:01:16]} 34. Kxf3 {[%clk 00:46:00]}
R8d3+ {[%clk 00:02:46]} 35. Kg4 {[%clk 00:44:21]} {[%emt 00:02:09]} Ne5+ {[%clk
00:01:58]} {[%emt 00:01:18]} 36. Kf5 {[%clk 00:44:50]} Nf3 {[%clk 00:02:12]}
{[%emt 00:00:15]} 37. e5 {[%clk 00:45:01]} {[%emt 00:00:19]} Nxe1 {[%clk
00:01:49]} {[%emt 00:00:53]} 38. Rxe1 {[%clk 00:45:26]} {[%emt 00:00:05]} Kg7
{[%clk 00:00:46]} {[%emt 00:01:34]} 39. Nf4 {[%clk 00:44:08]} {[%emt 00:01:48]}
Rxf2 {[%clk 00:00:58]} {[%emt 00:00:18]} 40. e6 {[%clk 00:44:33]} {[%emt
00:00:05]} Kf8 {[%clk 00:00:54]} {[%emt 00:00:33]} 41. Rh1 {[%clk 00:40:32]}
{[%emt 00:04:32]} Rxg3 {[%clk 00:00:36]} {[%emt 00:00:48]} 42. Rxh6 {[%clk
00:41:01]} {[%emt 00:00:01]} Rgf3 {[%clk 00:00:36]} {[%emt 00:00:30]} 43. Rh4
{[%clk 00:40:01]} {[%emt 00:01:29]} Ke7 {[%clk 00:00:39]} {[%emt 00:00:28]} 44.
Rh7+ {[%clk 00:40:29]} {[%emt 00:00:02]} Ke8 {[%clk 00:00:59]} {[%emt
00:00:10]} 45. Rh8+ {[%clk 00:40:50]} {[%emt 00:00:09]} Ke7 {[%clk 00:01:18]}
{[%emt 00:00:10]} 46. Rh7+ {[%clk 00:41:20]} Kf8 {[%clk 00:01:38]} {[%emt
00:00:10]} 47. e7+ {[%clk 00:39:10]} {[%emt 00:02:39]} Ke8 {[%clk 00:02:01]}
{[%emt 00:00:07]} 48. Ke6 {[%clk 00:39:36]} {[%emt 00:00:04]} Re3+ {[%clk
00:02:03]} {[%emt 00:00:29]} 49. Kd6 {[%clk 00:40:06]} {[%emt 00:00:01]} Rd2+
{[%clk 00:01:53]} {[%emt 00:00:40]} 50. Nd5 {[%clk 00:40:18]} {[%emt 00:00:18]}
Rxd5+ {[%clk 00:01:41]} {[%emt 00:00:41]} 51. Kxd5 {[%clk 00:40:46]} {[%emt
00:00:02]} Rxe7 {[%clk 00:01:55]} {[%emt 00:00:16]} 52. Rh8+ {[%clk 00:41:15]}
{[%emt 00:00:01]} Kf7 {[%clk 00:02:25]} 53. Ra8 {[%clk 00:41:03]} {[%emt
00:00:41]} Rd7+ {[%clk 00:01:53]} {[%emt 00:01:02]} 54. Kc6 {[%clk 00:39:23]}
{[%emt 00:02:10]} Ke6 {[%clk 00:01:45]} {[%emt 00:00:38]} 55. a4 {[%clk
00:38:53]} {[%emt 00:01:01]} Rd6+ {[%clk 00:00:41]} {[%emt 00:01:33]} 56. Kb7
{[%clk 00:39:21]} Rd7+ {[%clk 00:00:46]} {[%emt 00:00:26]} 57. Kc6 {[%clk
00:39:25]} {[%emt 00:00:25]} c4 {[%clk 00:00:34]} {[%emt 00:00:43]} 58. Re8
{[%clk 00:39:50]} {[%emt 00:00:05]} Re7 {[%clk 00:00:48]} {[%emt 00:00:16]} 59.
Rh8 {[%clk 00:39:35]} {[%emt 00:00:44]} Ke5 {[%clk 00:00:34]} {[%emt 00:00:44]}
60. Rh4 {[%clk 00:39:09]} {[%emt 00:00:56]} Re6+ {[%clk 00:00:46]} {[%emt
00:00:19]} 61. Kb7 {[%clk 00:39:31]} {[%emt 00:00:06]} Re7+ {[%clk 00:01:11]}
{[%emt 00:00:06]} 62. Kc6 {[%clk 00:39:56]} {[%emt 00:00:05]} Re6+ {[%clk
00:01:40]} {[%emt 00:00:01]} 63. Kb7 {[%clk 00:40:25]} Kd5 {[%clk 00:01:11]}
{[%emt 00:00:59]} 64. Kxa7 {[%clk 00:40:12]} {[%emt 00:00:44]} Kc5 {[%clk
00:00:58]} {[%emt 00:00:43]} 65. a5 {[%clk 00:38:20]} {[%emt 00:02:22]} Kxb5
{[%clk 00:00:33]} {[%emt 00:00:55]} 66. axb6 {[%clk 00:38:14]} {[%emt
00:00:36]} c3 {[%clk 00:00:42]} {[%emt 00:00:21]} 67. Rh5+ {[%clk 00:34:36]}
{[%emt 00:04:07]} Kb4 {[%clk 00:00:46]} {[%emt 00:00:26]} 68. b7 {[%clk
00:34:54]} {[%emt 00:00:12]} Re7 {[%clk 00:01:02]} {[%emt 00:00:15]} 69. Kb6
{[%clk 00:34:51]} {[%emt 00:00:28]} Rxb7+ {[%clk 00:01:24]} {[%emt 00:00:13]}
70. Kxb7 {[%clk 00:35:13]} {[%emt 00:00:08]} c2 {[%clk 00:01:52]} {[%emt
00:00:02]} 71. Rh1 {[%clk 00:35:29]} {[%emt 00:00:14]} Kc3 {[%clk 00:02:20]}
{[%emt 00:00:03]} 72. Rc1 {[%clk 00:35:52]} {[%emt 00:00:06]} Kd2 {[%clk
00:02:47]} {[%emt 00:00:04]} 73. Rxc2+ {[%clk 00:36:17]} {[%emt 00:00:05]} Kxc2
{[%clk 00:03:15]} {[%emt 00:00:03]} 1/2-1/2

[Event "Lira Vendrellenca Vs Mollet"]
[Site "Vendrell"]
[Date "2023.03.11"]
[Round "8.4"]
[White "Ortin Blanco, Inigo"]
[Black "Munoz, Miguel"]
[Result "1/2-1/2"]
[TimeControl "90'+30\""]
[WhiteTitle "FM"]
[BlackTitle "GM"]
[WhiteFideId "32010125"]
[BlackFideId "3800229"]
[WhiteElo "2248"]
[BlackElo "2359"]

1. d4 {[%clk 01:30:55]} {[%emt 00:00:04]} Nf6 {[%clk 01:29:54]} {[%emt
00:01:07]} 2. c4 {[%clk 01:30:40]} {[%emt 00:00:44]} e6 {[%clk 01:29:46]}
{[%emt 00:00:39]} 3. g3 {[%clk 01:30:23]} {[%emt 00:00:48]} c5 {[%clk
01:29:48]} {[%emt 00:00:27]} 4. Nf3 {[%clk 01:28:22]} {[%emt 00:02:31]} Be7
{[%clk 01:28:09]} {[%emt 00:02:09]} 5. Bg2 {[%clk 01:27:54]} {[%emt 00:00:59]}
O-O {[%clk 01:28:28]} {[%emt 00:00:11]} 6. O-O {[%clk 01:27:44]} {[%emt
00:00:39]} d5 {[%clk 01:28:05]} {[%emt 00:00:54]} 7. Nc3 {[%clk 01:21:40]}
{[%emt 00:06:35]} Nc6 {[%clk 01:25:13]} {[%emt 00:03:22]} 8. Be3 {[%clk
01:20:11]} {[%emt 00:02:00]} dxc4 {[%clk 01:20:45]} {[%emt 00:04:57]} 9. dxc5
{[%clk 01:18:43]} {[%emt 00:01:58]} Ng4 {[%clk 01:16:53]} {[%emt 00:04:21]} 10.
Qc1 {[%clk 01:15:19]} {[%emt 00:03:55]} Qa5 {[%clk 01:14:49]} {[%emt 00:02:33]}
11. Nd1 {[%clk 01:08:58]} {[%emt 00:06:51]} Bxc5 {[%clk 01:12:15]} {[%emt
00:03:03]} 12. Qxc4 {[%clk 01:09:12]} {[%emt 00:00:17]} Nxe3 {[%clk 01:11:26]}
{[%emt 00:01:18]} 13. Nxe3 {[%clk 01:09:29]} {[%emt 00:00:14]} Bxe3 {[%clk
01:09:32]} {[%emt 00:02:25]} 14. fxe3 {[%clk 01:09:51]} {[%emt 00:00:07]} Qb6
{[%clk 01:06:31]} {[%emt 00:03:31]} 15. Qc3 {[%clk 01:06:05]} {[%emt 00:04:16]}
Bd7 {[%clk 01:04:17]} {[%emt 00:02:44]} 16. Rad1 {[%clk 00:58:53]} {[%emt
00:07:42]} Rfd8 {[%clk 01:03:35]} {[%emt 00:01:11]} 17. Nd4 {[%clk 00:40:23]}
{[%emt 00:19:01]} Rac8 {[%clk 01:01:24]} {[%emt 00:02:39]} 18. Qb3 {[%clk
00:40:30]} {[%emt 00:00:25]} Qxb3 {[%clk 00:59:36]} {[%emt 00:02:17]} 19. axb3
{[%clk 00:39:01]} {[%emt 00:02:00]} Nxd4 {[%clk 00:51:03]} {[%emt 00:09:02]} 20.
Rxd4 {[%clk 00:38:35]} {[%emt 00:00:57]} Rc7 {[%clk 00:50:37]} {[%emt
00:00:55]} 21. Rfd1 {[%clk 00:37:44]} {[%emt 00:01:22]} Kf8 {[%clk 00:50:04]}
{[%emt 00:01:02]} 22. Rc4 {[%clk 00:35:30]} {[%emt 00:02:46]} Rxc4 {[%clk
00:50:01]} {[%emt 00:00:32]} 23. bxc4 {[%clk 00:35:55]} {[%emt 00:00:05]} b6
{[%clk 00:49:56]} {[%emt 00:00:36]} 24. Ra1 {[%clk 00:33:46]} {[%emt 00:02:40]}
a5 {[%clk 00:49:49]} {[%emt 00:00:36]} 25. c5 {[%clk 00:32:46]} {[%emt
00:01:30]} bxc5 {[%clk 00:49:14]} {[%emt 00:01:05]} 26. Rxa5 {[%clk 00:32:49]}
{[%emt 00:00:26]} Rb8 {[%clk 00:49:17]} {[%emt 00:00:27]} 27. Rxc5 {[%clk
00:32:50]} {[%emt 00:00:30]} Rxb2 {[%clk 00:49:40]} {[%emt 00:00:07]} 28. Kf2
{[%clk 00:33:12]} {[%emt 00:00:09]} Ke7 {[%clk 00:49:38]} {[%emt 00:00:31]} 29.
Rc7 {[%clk 00:32:41]} {[%emt 00:01:01]} Kd6 {[%clk 00:49:31]} {[%emt 00:00:37]}
30. Ra7 {[%clk 00:33:01]} {[%emt 00:00:10]} f5 {[%clk 00:45:25]} {[%emt
00:04:36]} 31. Bf3 {[%clk 00:24:06]} {[%emt 00:09:25]} Rb4 {[%clk 00:44:11]}
{[%emt 00:01:44]} 32. Ra6+ {[%clk 00:23:50]} {[%emt 00:00:46]} Ke7 {[%clk
00:39:35]} {[%emt 00:05:06]} 33. Ra7 {[%clk 00:24:04]} {[%emt 00:00:17]} Rc4
{[%clk 00:39:57]} {[%emt 00:00:08]} 34. h3 {[%clk 00:22:10]} {[%emt 00:02:25]}
h6 {[%clk 00:36:23]} {[%emt 00:04:04]} 35. h4 {[%clk 00:16:15]} {[%emt
00:06:25]} g5 {[%clk 00:30:23]} {[%emt 00:06:29]} 36. hxg5 {[%clk 00:16:33]}
{[%emt 00:00:12]} hxg5 {[%clk 00:30:00]} {[%emt 00:00:53]} 37. Ra2 {[%clk
00:16:41]} {[%emt 00:00:22]} Kf6 {[%clk 00:28:26]} {[%emt 00:02:04]} 38. Ra7
{[%clk 00:13:40]} {[%emt 00:03:31]} Be8 {[%clk 00:26:32]} {[%emt 00:02:23]} 39.
Ra8 {[%clk 00:13:52]} {[%emt 00:00:20]} Bb5 {[%clk 00:25:42]} {[%emt 00:01:19]}
40. Rb8 {[%clk 00:13:58]} {[%emt 00:00:25]} Ba4 {[%clk 00:25:09]} {[%emt
00:01:02]} 41. Rb6 {[%clk 00:13:18]} {[%emt 00:01:11]} Ke5 {[%clk 00:24:59]}
{[%emt 00:00:38]} 42. Ra6 {[%clk 00:13:37]} {[%emt 00:00:13]} Rb4 {[%clk
00:23:07]} {[%emt 00:02:21]} 43. Ra5+ {[%clk 00:11:03]} {[%emt 00:03:04]} Kf6
{[%clk 00:21:34]} {[%emt 00:02:02]} 44. Rc5 {[%clk 00:10:44]} {[%emt 00:00:50]}
Bb5 {[%clk 00:18:40]} {[%emt 00:03:24]} 45. Rc2 {[%clk 00:10:40]} {[%emt
00:00:35]} g4 {[%clk 00:17:21]} {[%emt 00:01:49]} 46. Bc6 {[%clk 00:09:09]}
{[%emt 00:02:00]} Bc4 {[%clk 00:17:21]} {[%emt 00:00:30]} 47. Rd2 {[%clk
00:09:03]} {[%emt 00:00:36]} e5 {[%clk 00:17:01]} {[%emt 00:00:50]} 48. Rd6+
{[%clk 00:08:09]} {[%emt 00:01:25]} Ke7 {[%clk 00:16:34]} {[%emt 00:00:56]} 49.
Rd7+ {[%clk 00:08:30]} {[%emt 00:00:09]} Ke6 {[%clk 00:15:36]} {[%emt
00:01:28]} 50. Rb7 {[%clk 00:06:11]} {[%emt 00:02:50]} Rxb7 {[%clk 00:10:53]}
{[%emt 00:05:13]} 51. Bxb7 {[%clk 00:06:36]} {[%emt 00:00:05]} 1/2-1/2